Ancient Egypt: God or Pharaoh? - Statistics

General Stats
  • This quiz has been taken 79 times
  • The average score is 10 of 15
Answer Stats
Question Answer % Correct
Isis God
97%
Anubis God
94%
Tutankhamen Pharaoh
90%
Bes God
89%
Ra God
87%
Horus God
83%
Bastet God
83%
Sobek God
79%
Hatshesput Pharaoh
71%
Narmer Pharaoh
70%
Akhenaten Pharaoh
69%
Khufu Pharaoh
50%
Amenhotep I Both
10%
Ramesses II Both
6%
Amenhotep III Both
6%
No matching quizzes found
Score Distribution
Percent of People with Each Score
Percentile by Number Answered
Your Score History
You have not taken this quiz